000
00277nam a22001337a 4500
008
170831b xxu||||| |||| 00| 0 eng d
020
_a
9780155019485
041
_a
eng
080
_a
070
100
_a
40
101
_a
MED
245
_a
MASS MEDIA
_c
MARSH,H
942
_2
udc
_c
BK
999
_c
25862
_d
25862